• 首页
  • 本馆介绍
  • 公告通知
  • 最新文献
  • 馆藏检索
  • 电子资源
  • 读者导购
  • 参考咨询
  • 我的图书馆
  • 登录
  • 详细信息显示
  • 放入我的书架
  • 预约/预借图书
  • 作者相关作品
  • 分类相关作品
  • 丛书相关作品
  • 出版社相关作品

书目信息

  • 表格格式
  • 工作单格式
  • 卡片格式
题名:
金钱的运作
    
 
作者: 博伊尔 著 ;李阳 译
分册:  
出版信息: 北京   新星出版社  2005
页数: 193页
开本: 16×16cm
丛书名: 脆弱的地球
单 册:
中图分类: F82
科图分类:
主题词: 货币 , 货币--基本知识
电子资源:
ISBN: 7-80148-785-0
000 00903oam2 2200277 450
001 003053038
005 20070801165358.92
010    @a7-80148-785-0@dCNY18.00
100    @a20060104d2005 em y0chiy0110 ea
101 1  @achi@ceng
102    @aCN@b110000
105    @aa z 000yy
200 1  @a金钱的运作@9jin qian de yun zuo@f(美)博伊尔(David Boyle)著@g李阳译
210    @a北京@c新星出版社@d2005
215    @a193页@c图@d16×16cm
225 2  @a脆弱的地球
305    @a三联书店(香港)有限公司授权出版。
330    @a本书将使你以一种全新的视角看待从你的银行结单到你口袋中的硬币的一切事物。告诉你钱从哪里来,它的意义,它对地球作着什么事等等。
461  0 @12001 @a脆弱的地球
606 0  @a货币
606 0  @a货币@x基本知识
690    @aF82@v4
701  0 @c(美)@a博伊尔@9bo yi er@c(Boyle, David)@4著
702  0 @a李阳@9li yang@c(翻译)@4译
801  0 @aCN@bNLC@c20070801
905    @a10447@dF82@e47
    
    金钱的运作/(美)博伊尔(David Boyle)著/李阳译.-北京:新星出版社,2005
    193页:图;16×16cm.-(脆弱的地球)
    
    
    ISBN 7-80148-785-0:CNY18.00
    本书将使你以一种全新的视角看待从你的银行结单到你口袋中的硬币的一切事物。告诉你钱从哪里来,它的意义,它对地球作着什么事等等。
●
相关链接 在E读中查询图书 在五车中查询图书 在当当中查询图书 在豆瓣中查询图书


正题名:金钱的运作     索取号:F82/47         预约/预借

序号 登录号 条形码 馆藏地/架位号 状态 备注
1 0800515   208005157   第一样本阅览室/ [索取号:F82/47] 在馆    
2 0800516   208005166   第一借阅区/ [索取号:F82/47] 在馆    
3 0800517   208005175   第一借阅区/ [索取号:F82/47] 在馆    
4 0800518   208005184   第一借阅区/ [索取号:F82/47] 在馆    
5 0800519   208005193   第一借阅区/ [索取号:F82/47] 在馆    
6 0800884   208008840   第一借阅区/ [索取号:F82/47] 在馆    
7 0800885   208008859   第一借阅区/ [索取号:F82/47] 在馆    
8 0800886   208008868   第一借阅区/ [索取号:F82/47] 在馆    
9 0800887   208008877   第一借阅区/ [索取号:F82/47] 在馆    
10 0800888   208008886   第一借阅区/ [索取号:F82/47] 在馆    
唐山师范学院图书馆 欢迎您!
大连网信软件有限公司© 版权所有